000 00826nas a2200289 4500
001 BR0101906
003 BR-BrBNA
005 20231205102219.0
007 ta
008 230509b bl.|||p| |||| 00| 00por d
040 _aBR-BrBNA
_bpor
_cBiblioteca Nacional de Agricultura
041 _a(Pt)
072 _aL70
100 1 _aTenorio, A.P.M.
100 1 _aCoelho, M.C.O.
100 1 _aRezende, C.M.F.
100 1 _aAlmeida, E.L.
100 1 _aGurgel, C.C.
245 1 _aXilazina e etomidato em caes submetidos a cirurgia de pele. Estudo experimental
650 _aCao
650 _aCirurgia
650 _aPele
650 _aAnestesico
773 0 _tHora Veterinaria (Brazil)
_xISSN 0101-9163
_g(Jul-Aug 2000), v. 20(116) p. 59-62
_wBR0101906
909 _a202311
_bLúcia
_c55
_dLúcia Elande
942 _2AGRIS
_n0
_cANA
999 _c166338
_d166338